00427nam a2200169 a 45000010005000000030009000050080041000140400028000550820017000831000034001002450032001342600035001663000015002016500013002166500009002296500019002389209CO-ViMGA141112s2004 ck r 000 u spa d aCO-ViMGAbspacCO-ViMGA04a005.369 F2971 aFeil ; Peter, Ralph Steiner, 10aEl Gran libro de visual Jtt aBarcelona : bMarcombo, c1997 a400p. : il14aINTERNET14aJAVA14aWORLD WIDE WEB